Estadísticas para Inmigración de EE. UU. por País

Haz click aquí para intentar la prueba.

Estadísticas generales

  • Esta prueba ha sido intentada 2.256 veces
    (1.970 desde el último reinicio)
  • La puntuación promedio es 14 de 20

Estadísticas de respuestas

#País% Correcto
157,227México
99%
70,977China
93%
19,309Canadá
88%
16,509Colombia
88%
11,247Brasil
87%
54,178Cuba
87%
14,653Reino Unido
84%
61,380India
81%
11,466Guatemala
76%
9,973Perú
72%
50,382República Dominicana
68%
9,816Ecuador
65%
16,787Haití
65%
16,976Corea del Sur
63%
18,699El Salvador
63%
17,362Jamaica
56%
54,307Filipinas
50%
30,332Vietnam
46%
13,907Egipto
39%
12,566Etiopía
16%

Distribución de puntuación

Porcentaje por número respondido

Porcentaje de gente con cada puntuación

Historial de tus puntuaciones

No has intentado esta prueba desde el último reinicio